00463 2200193 4500001002100000005001500021008004100036020002200077035001900099041000700118082000800125090001400133100002700147245002000174260003200194300002000226500000600246650001700252INLIS00000000000302820241224112639241224||||||||| | ||| |||| || |  a978-979-8003-17-2 0010-1224003028 aen0 a820 a820 ORC k0 aBaroness emmuska Orczy00aKembang Beureum bPT. Kiblat Buku Utamac2014 a174 hlm.; 21 cm a1 0aKesusastraan